000 00384nam a2200145Ia 4500
008 230917s9999||||xx |||||||||||||| ||und||
040 _e94976
_aMAIN
041 _aEnglish
082 _a660.60243637 E15E
100 _aEvans, Gareth M
245 0 _aEnvironmental biotechnology: Theory and application
260 _aWest Sussex
_bJohn Wiley
_c2003
300 _a285 p.
942 _cBK
999 _c114993
_d114993